Performing Artists 'and' Their Band - Statistics

General Stats
  • This quiz has been taken 58 times
  • The average score is 16 of 26
Answer Stats
Answer % Correct
{Bob} {Marley} and the Wailers
96%
{Paul} {McCartney} and Wings
94%
{Tom} {Petty} and the Heartbreakers
92%
{Bruce} {Springsteen} and the E Street Band
90%
{Diana} {Ross} and the Supremes
90%
{Joan} {Jett} and the Blackhearts
88%
{Prince} and the Revolution
83%
{Echo} and the Bunnymen
81%
{KC} and the Sunshine Band
81%
{Frank} {Zappa} and the Mothers of Invention
79%
Velvet Underground and {Nico}
71%
{Bill} {Haley} and the Comets
67%
{Neil} {Young} and Crazy Horse
67%
{Booker} {T.} and the MGs
65%
{Nick} {Cave} and the Bad Seeds
65%
{Siouxsie} and the Banshees
65%
{Elvis} {Costello} and the Attractions
56%
{Eric} {Burdon} and the Animals
50%
{Stevie} {Ray} {Vaughan} and Double Trouble
42%
{Ian} {Dury} and the Blockheads
40%
{Martha} and the Muffins
40%
{John} {Mayall} and the Bluesbreakers
27%
{Frank} {Black} and the Catholics
19%
{Jello} {Biafra} and the Guantanamo School of Medicine
6%
{Jimmy} {James} and the Blue Flames
6%
{Clare} {Bowditch} and the New Slang
2%
No matching quizzes found
Score Distribution
Percent of People with Each Score
Percentile by Number Answered
Your Score History
You have not taken this quiz